000 00432nam a22001217a 4500
082 _a200 THE
100 _aSaba Mehboob,
_970490
245 _aTH-SOF-1194-Causes of Failure of Public Sector IT Projects and Development of Framework for their Successful Implementation in Pakistan
260 _aIslamabad
_bNUST College of EME
_c2016
650 _aMS-EM-8 MSTHESIS
700 _aSupervison Dr. Shoab Ahmed Khan
_970199
942 _cCF
999 _c577469
_d577469